Presidential Monograms - Statistics

General Stats
  • This quiz has been taken 1,324 times
  • The average score is 32 of 41
Answer Stats
Initials President % Correct
FDR Franklin Delano Roosevelt
100%
JFK John Fitzgerald Kennedy
98%
JQA John Quincy Adams
92%
GHWB George Herbert Walker Bush
90%
GW George Washington
90%
LBJ Lyndon Baines Johnson
88%
USG Ulysses Simpson Grant
87%
AJ Andrew Jackson or Andrew Johnson
86%
DDE Dwight David Eisenhower
85%
GWB George Walker Bush
85%
JKP James Knox Polk
84%
JA John Adams
84%
TR Theodore Roosevelt
84%
ZT Zachary Taylor
84%
HST Harry S. Truman
81%
RWR Ronald Wilson Reagan
81%
FP Franklin Pierce
80%
(T)WW Thomas Woodrow Wilson
80%
WHH William Henry Harrison
80%
AL Abraham Lincoln
79%
GRF Gerald Rudolph Ford
79%
JM James Madison or James Monroe
79%
MVB Martin Van Buren
79%
CAA Chester Alan Arthur
78%
RMN Richard Milhous Nixon
78%
TJ Thomas Jefferson
78%
MF Millard Fillmore
76%
BHO Barack Hussein Obama
75%
JAG James Abram Garfield
75%
(J)CC John Calvin Coolidge
74%
JEC James Earl Carter
73%
JT John Tyler
73%
BH Benjamin Harrison
72%
RBH Rutherford Birchard Hayes
72%
HCH Herbert Clark Hoover
71%
JB James Buchanan
69%
WJC William Jefferson Clinton
69%
(S)GC Stephen Grover Cleveland
65%
WGH Warren Gamaliel Harding
64%
WHT William Howard Taft
61%
WM William McKinley
58%
No matching quizzes found
Score Distribution
Percent of People with Each Score
Percentile by Number Answered
Your Score History
You have not taken this quiz